00664nam a2200205 a 450000100060000000300080000600500170001400800410003102000280007203500190010004000230011904100080014208200200015024500640017026000390023430000330027350400640030660000620037070000260043262773BD-RjUL20211209081124.0170125s1991 maua b 001 0 eng d a0816188572 (alk. paper) a(BD-RjUL)62901 aDLCcDLCdDLCbeng aeng00a821.7bCRI 199100aCritical essays on William Blake /cedited by Hazard Adams. aBoston, Mass. :bG.K. Hall,c1991. aix, 214 p. :bill. ;c24 cm. aIncludes bibliographical references (p. 205-207) and index.10aBlake, William,d1757-1827xCriticism and interpretation.1 aAdams, Hazard,d1926-